<?xml version="1.0" encoding="UTF-8"?>
<record
    xmlns:xsi="http://www.w3.org/2001/XMLSchema-instance"
    xsi:schemaLocation="http://www.loc.gov/MARC21/slim http://www.loc.gov/standards/marcxml/schema/MARC21slim.xsd"
    xmlns="http://www.loc.gov/MARC21/slim">

  <leader>00791cam a22002057i 4500</leader>
  <controlfield tag="003">OSt</controlfield>
  <controlfield tag="005">20180307173658.0</controlfield>
  <controlfield tag="008">1703  s2016    sp a     b    000 0 spa d</controlfield>
  <datafield tag="020" ind1=" " ind2=" ">
    <subfield code="a">9788494634307</subfield>
  </datafield>
  <datafield tag="040" ind1=" " ind2=" ">
    <subfield code="b">cat</subfield>
    <subfield code="c">CDMR</subfield>
  </datafield>
  <datafield tag="100" ind1="1" ind2=" ">
    <subfield code="a">Vali&#xF1;a, Carmen V.,</subfield>
  </datafield>
  <datafield tag="245" ind1="1" ind2="3">
    <subfield code="a">El mundo &#xE1;rabo-isl&#xE1;mico como ellas nos lo contaron </subfield>
    <subfield code="b">: las periodistas de TVE en Oriente Medio y Norte de &#xC1;frica : cuatro d&#xE9;cadas de informaci&#xF3;n con nombre de mujer</subfield>
    <subfield code="c">/ Carmen V. Vali&#xF1;a</subfield>
  </datafield>
  <datafield tag="260" ind1=" " ind2=" ">
    <subfield code="a">Madrid :</subfield>
    <subfield code="b">Clave Intelectual,</subfield>
    <subfield code="c">2016</subfield>
  </datafield>
  <datafield tag="300" ind1=" " ind2=" ">
    <subfield code="a">263 p&#xE0;gines :</subfield>
    <subfield code="b">il&#xB7;lustracions ;</subfield>
    <subfield code="c">22 cm.</subfield>
  </datafield>
  <datafield tag="504" ind1=" " ind2=" ">
    <subfield code="a">Bibliografia.</subfield>
  </datafield>
  <datafield tag="650" ind1="0" ind2="4">
    <subfield code="a">Corresponsals estrangers</subfield>
    <subfield code="z">Pa&#xEF;sos &#xE0;rabs</subfield>
    <subfield code="9">2802</subfield>
  </datafield>
  <datafield tag="650" ind1="0" ind2="4">
    <subfield code="a">Corresponsals estrangers</subfield>
    <subfield code="z">&#xC0;frica del nord</subfield>
    <subfield code="9">2802</subfield>
  </datafield>
  <datafield tag="650" ind1=" " ind2="4">
    <subfield code="a">Dones periodistes</subfield>
    <subfield code="z">Espanya</subfield>
    <subfield code="9">2913</subfield>
  </datafield>
  <datafield tag="942" ind1=" " ind2=" ">
    <subfield code="c">MON</subfield>
    <subfield code="2">udc</subfield>
  </datafield>
  <datafield tag="999" ind1=" " ind2=" ">
    <subfield code="c">7008</subfield>
    <subfield code="d">7008</subfield>
  </datafield>
  <datafield tag="952" ind1=" " ind2=" ">
    <subfield code="0">0</subfield>
    <subfield code="1">0</subfield>
    <subfield code="4">0</subfield>
    <subfield code="7">0</subfield>
    <subfield code="a">CDMR</subfield>
    <subfield code="b">CDMR</subfield>
    <subfield code="d">2017-03-17</subfield>
    <subfield code="e">Intercanvi</subfield>
    <subfield code="g">17.00</subfield>
    <subfield code="l">9</subfield>
    <subfield code="m">6</subfield>
    <subfield code="o">Fk /5</subfield>
    <subfield code="p">CDMR17030009</subfield>
    <subfield code="r">2020-07-14</subfield>
    <subfield code="s">2020-06-26</subfield>
    <subfield code="v">17.00</subfield>
    <subfield code="w">2017-03-17</subfield>
    <subfield code="y">MON</subfield>
  </datafield>
</record>
